Statistics for Famous City Squares

Click here to take the quiz!

General Stats

  • This quiz has been taken 33 times
  • The average score is 11 of 14

Answer Stats

SquareCity% Correct
Times SquareNew York City
100%
Red SquareMoscow
100%
Tiananmen SquareBeijing
100%
Trafalgar SquareLondon
95%
Kim Il-sung SquarePyongyang
95%
Place de la ConcordeParis
91%
AlexanderplatzBerlin
91%
Piazza NavonaRome
91%
Tahrir SquareCairo
86%
Plaza MayorMadrid
82%
ZócaloMexico City
68%
Taksim SquareIstanbul
59%
Grand PlaceBrussels
55%
Naqsh-e Jahan SquareIsfahan
5%

Score Distribution

Percentile by Number Answered

Percent of People with Each Score

Your Score History

You have not taken this quiz